[Event "ROM-ch U12"]
[Site "Calimanesti Caciulata"]
[Date "2019.04.21"]
[Round "8"]
[White "Hejja, Adam Peter"]
[Black "Gorea, Rares Andrei"]
[Result "0-1"]
[WhiteElo "1388"]
[BlackElo "1314"]
[PlyCount "96"]
[EventDate "2019.04.15"]
[EventType "swiss"]
[EventRounds "9"]
[EventCountry "ROU"]
[SourceTitle "CBM 190 Extra"]
[Source "ChessBase"]
[SourceDate "2019.07.15"]
[SourceVersion "1"]
[SourceVersionDate "2019.07.15"]
[SourceQuality "1"]

1. e4 e6 2. d4 d5 3. Nc3 dxe4 4. Nxe4 Be7 5. Nf3 Nd7 6. Bd3 Ngf6 7. Qe2 0-0 8. Be3 b6 9. 0-0-0 Bb7 10. Nxf6+ Nxf6 11. h3 a6 12. Kb1 b5 13. g4 b4 14. Rhg1 a5 15. b3 Nd5 16. Bd2 a4 17. Bc4 axb3 18. cxb3 Ra7 19. Bxd5 Bxd5 20. Kb2 Qa8 21. Ra1 Bxf3 22. Qe3 Rd8 23. g5 Qd5 24. h4 Qxd4+ 25. Qxd4 Rxd4 26. Be3 Bc5 27. Rac1 Bb6 28. Rg3 Be4 29. Rg4 Rd2+ 30. Bxd2 Bd4+ 31. Bc3 bxc3+ 32. Rxc3 Bxc3+ 33. Kxc3 Bd5 34. a4 Kf8 35. Kb2 Rb7 36. Rg3 Ke7 37. Ka3 Kd6 38. b4 c6 39. f4 e5 40. fxe5+ Kxe5 41. Re3+ Kf4 42. Rd3 Re7 43. Rxd5 cxd5 44. a5 Ke5 45. a6 Kd6 46. b5 Kc5 47. b6 Kxb6 48. a7 Rxa7+ 0-1

[Event "ROM-ch U12"]
[Site "Calimanesti Caciulata"]
[Date "2019.04.19"]
[Round "6"]
[White "Visanescu, Dragos Nicholas"]
[Black "Gorea, Rares Andrei"]
[Result "1-0"]
[WhiteElo "1530"]
[BlackElo "1314"]
[PlyCount "53"]
[EventDate "2019.04.15"]
[EventType "swiss"]
[EventRounds "9"]
[EventCountry "ROU"]
[SourceTitle "CBM 190 Extra"]
[Source "ChessBase"]
[SourceDate "2019.07.15"]
[SourceVersion "1"]
[SourceVersionDate "2019.07.15"]
[SourceQuality "1"]

1. e4 e6 2. d4 d5 3. exd5 exd5 4. Bd3 c5 5. c3 c4 6. Bc2 Nc6 7. Nf3 Bd6 8. 0-0 Nge7 9. Re1 0-0 10. Ne5 Qc7 11. f4 f6 12. Nxc6 Nxc6 13. Qh5 f5 14. Qf3 Qf7 15. b3 cxb3 16. Bxb3 Ne7 17. Nd2 Be6 18. Qe3 Bd7 19. Nf3 Rae8 20. Ne5 Bxe5 21. dxe5 Ng6 22. Ba3 Ne7 23. e6 Bxe6 24. Qxe6 Nc6 25. Qxf7+ Kxf7 26. Bxf8 Rxf8 27. Bxd5+ 1-0

[Event "ROM-ch U10"]
[Site "Calimanesti"]
[Date "2018.04.02"]
[Round "8"]
[White "Anghel, Rares Mihai"]
[Black "Gorea, Rares Andrei"]
[Result "0-1"]
[WhiteElo "1331"]
[BlackElo "1245"]
[PlyCount "171"]
[EventDate "2018.03.27"]
[EventType "swiss"]
[EventRounds "9"]
[EventCountry "ROU"]
[SourceTitle "CBM 183 Extra"]
[Source "ChessBase"]
[SourceDate "2018.04.19"]
[SourceVersion "1"]
[SourceVersionDate "2018.04.19"]
[SourceQuality "1"]

1. d4 d5 2. c4 e6 3. Nc3 c5 4. e3 Nf6 5. Nf3 Nc6 6. Bd2 dxc4 7. Bxc4 cxd4 8. exd4 Nxd4 9. Be3 Nxf3+ 10. Qxf3 Bb4 11. 0-0 Bxc3 12. bxc3 0-0 13. Bg5 Qe7 14. Rad1 h6 15. Bxf6 Qxf6 16. Qe3 b6 17. Bd3 Bb7 18. f3 Rac8 19. Rc1 Qe7 20. Kh1 Rc7 21. Rfe1 Rfc8 22. h3 Qc5 23. Qd2 Qa5 24. Re3 Rd8 25. Bh7+ Kxh7 26. Qxd8 Qa3 27. Qd2 Rd7 28. Qc2+ g6 29. h4 h5 30. Rce1 Qe7 31. g3 Qd8 32. R1e2 Rd1+ 33. Kg2 Ba6 34. Rf2 Qd7 35. Re5 f6 36. Re3 e5 37. Qe4 Bc8 38. g4 hxg4 39. Qxg4 Qxg4+ 40. fxg4 Bb7+ 41. Kh2 Rh1+ 42. Kg3 Rg1+ 43. Kh3 Bc8 44. Rxf6 Rxg4 45. Rff3 Ra4+ 46. Kg3 Rg4+ 47. Kf2 Rxh4 48. Rxe5 Rh2+ 49. Kg3 Rxa2 50. Kf4 Ra4+ 51. Kg5 Bf5 52. Rfe3 Rg4+ 53. Kf6 Rf4 54. Re8 Bd7+ 55. Kg5 Rf5+ 56. Kg4 Bxe8 57. Rxe8 Kg7 58. Re7+ Rf7 59. Re3 Kf6 60. Rf3+ Ke6 61. Re3+ Kd5 62. Kg5 Rf5+ 63. Kxg6 Re5 64. Rf3 Kc4 65. Kf6 Rd5 66. Ke6 Rd3 67. Rf7 Kxc3 68. Rxa7 b5 69. Ke5 b4 70. Ke4 Rd8 71. Rc7+ Kb2 72. Rb7 b3 73. Ke3 Ka2 74. Ra7+ Kb1 75. Rb7 b2 76. Rc7 Ra8 77. Kd2 Ka1 78. Rb7 b1Q 79. Rxb1+ Kxb1 80. Kc3 Rb8 81. Kd4 Rc8 82. Kd5 Kb2 83. Kd4 Kb3 84. Kd5 Kb4 85. Kd4 Rd8+ 86. Ke5 0-1

[Event "ROM-ch U10"]
[Site "Calimanesti"]
[Date "2018.03.30"]
[Round "5"]
[White "Gorea, Rares Andrei"]
[Black "Cioc, Alexandru Marian"]
[Result "1/2-1/2"]
[WhiteElo "1245"]
[BlackElo "1027"]
[PlyCount "133"]
[EventDate "2018.03.27"]
[EventType "swiss"]
[EventRounds "9"]
[EventCountry "ROU"]
[SourceTitle "CBM 183 Extra"]
[Source "ChessBase"]
[SourceDate "2018.04.19"]
[SourceVersion "1"]
[SourceVersionDate "2018.04.19"]
[SourceQuality "1"]

1. e4 c5 2. Nf3 d6 3. c4 e5 4. d3 g6 5. Nc3 Bg7 6. g3 Ne7 7. Bg2 0-0 8. 0-0 Nbc6 9. Be3 f5 10. Qd2 Nd4 11. Bxd4 cxd4 12. Nb5 a6 13. Na3 f4 14. Rac1 b6 15. Nc2 Nc6 16. gxf4 exf4 17. e5 Qc7 18. Nfxd4 Bb7 19. Ne6 Qd7 20. Nxf8 Rxf8 21. e6 Qe7 22. Bd5 Ne5 23. f3 Bxd5 24. cxd5 Qg5+ 25. Qg2 Qxg2+ 26. Kxg2 Nxd3 27. Rb1 Nxb2 28. Nb4 Nc4 29. Rfe1 Ne3+ 30. Kf2 Bd4 31. Ke2 Ng2 32. Rec1 Be3 33. Rc7 Re8 34. Nc2 Bc5 35. Nb4 Ne3 36. Rc1 a5 37. Na6 Nxd5 38. Rd7 Rxe6+ 39. Kd3 Nf6 40. Nxc5 dxc5 41. Rd8+ Kg7 42. Kc4 Re2 43. Rb1 Rxh2 44. Rxb6 Rxa2 45. Ra8 Nh5 46. Kxc5 Ra3 47. Rb7+ Kh6 48. Rh8 Nf6 49. Rf7 Kg5 50. Rhf8 Nh5 51. Rxh7 Rxf3 52. Ra7 Ra3 53. Kb5 f3 54. Raf7 Kg4 55. Kb6 Ng3 56. Rf4+ Kh3 57. Rxf3 Rxf3 58. Rxf3 a4 59. Kb5 g5 60. Kxa4 g4 61. Rf8 Kg2 62. Rg8 Kf3 63. Kb3 Ne2 64. Kc2 g3 65. Kd2 g2 66. Rxg2 Kxg2 67. Kxe2 1/2-1/2

[Event "ROM-ch U10"]
[Site "Calimanesti"]
[Date "2018.03.29"]
[Round "3"]
[White "Gorea, Rares Andrei"]
[Black "Neagu, Andrei Danut"]
[Result "1-0"]
[WhiteElo "1245"]
[BlackElo "1177"]
[PlyCount "37"]
[EventDate "2018.03.27"]
[EventType "swiss"]
[EventRounds "9"]
[EventCountry "ROU"]
[SourceTitle "CBM 183 Extra"]
[Source "ChessBase"]
[SourceDate "2018.04.19"]
[SourceVersion "1"]
[SourceVersionDate "2018.04.19"]
[SourceQuality "1"]

1. e4 e5 2. Nf3 Nc6 3. d4 exd4 4. Bc4 Nf6 5. Ng5 Ne5 6. Qxd4 Bd6 7. 0-0 0-0 8. f4 b6 9. Qc3 Nxc4 10. Qxc4 Bc5+ 11. Kh1 Bb7 12. Qd3 Qc8 13. e5 Ba6 14. c4 h6 15. exf6 hxg5 16. fxg5 g6 17. Qh3 d6 18. Qh6 Qh3 19. Qg7# 1-0

[Event "ROM-ch U10"]
[Site "Calimanesti"]
[Date "2018.03.27"]
[Round "1"]
[White "Gorea, Rares Andrei"]
[Black "Antohi, Bogdan"]
[Result "1-0"]
[WhiteElo "1245"]
[BlackElo "1028"]
[PlyCount "35"]
[EventDate "2018.03.27"]
[EventType "swiss"]
[EventRounds "9"]
[EventCountry "ROU"]
[SourceTitle "CBM 183 Extra"]
[Source "ChessBase"]
[SourceDate "2018.04.19"]
[SourceVersion "1"]
[SourceVersionDate "2018.04.19"]
[SourceQuality "1"]

1. e4 e5 2. Nf3 Nc6 3. d4 exd4 4. Bc4 Bc5 5. c3 d3 6. Qxd3 Nf6 7. Bxf7+ Kf8 8. 0-0 Qe7 9. Bd5 Ne5 10. Nxe5 Qxe5 11. Be3 Ng4 12. Bxc5+ d6 13. f4 Qh5 14. h3 dxc5 15. hxg4 Bxg4 16. Qe3 c6 17. Qxc5+ Ke8 18. Bxc6+ 1-0

[Event "ROM-ch U08"]
[Site "Calimanesti Caciulata"]
[Date "2016.04.20"]
[Round "3"]
[White "Andrei, Radu Mihai"]
[Black "Gorea, Rares Andrei"]
[Result "0-1"]
[WhiteElo "1001"]
[BlackElo "1131"]
[PlyCount "130"]
[EventDate "2016.04.18"]
[EventType "swiss"]
[EventRounds "9"]
[EventCountry "ROU"]
[SourceTitle "CBM 172 Extra"]
[Source "ChessBase"]
[SourceDate "2016.06.21"]
[SourceVersion "1"]
[SourceVersionDate "2016.06.21"]
[SourceQuality "1"]

1. e4 e6 2. Nf3 d5 3. exd5 exd5 4. Bb5+ c6 5. Qe2+ Qe7 6. Qxe7+ Bxe7 7. Ba4 Nf6 8. d3 0-0 9. 0-0 Bd7 10. Nc3 c5 11. Bxd7 Nbxd7 12. Re1 Rfe8 13. Bg5 Nb6 14. Bxf6 Bxf6 15. Nb5 Rxe1+ 16. Rxe1 Bxb2 17. c3 Na4 18. Rb1 b6 19. Nc7 Rd8 20. c4 dxc4 21. dxc4 Nc3 22. Re1 Rd1 23. Rxd1 Nxd1 24. Nb5 a6 25. Nc7 a5 26. Nd5 Nc3 27. Nxb6 Nxa2 28. Na4 Ba3 29. Ne5 Nc1 30. Nd7 Nb3 31. Kf1 Nd2+ 32. Ke2 Nxc4 33. Ndxc5 Bxc5 34. Nxc5 Nb6 35. Kd2 a4 36. Kc2 g5 37. Kb2 Kg7 38. Ka3 h5 39. Nxa4 Nxa4 40. Kxa4 f5 41. Kb3 Kf6 42. Kc3 Ke5 43. g3 f4 44. Kd2 fxg3 45. fxg3 g4 46. Ke2 Kf5 47. Kf2 Kg5 48. Kg2 h4 49. gxh4+ Kxh4 50. h3 g3 51. Kg1 Kxh3 52. Kh1 Kg4 53. Kg1 Kf4 54. Kg2 Kg4 55. Kg1 Kh4 56. Kg2 Kg4 57. Kg1 Kf3 58. Kf1 Ke4 59. Kg2 Kf4 60. Kg1 Kg4 61. Kg2 Kh4 62. Kh1 Kh3 63. Kg1 g2 64. Kf2 Kh2 65. Kf3 g1Q 0-1

[Event "ROM-ch U08"]
[Site "Calimanesti Caciulata"]
[Date "2016.04.19"]
[Round "2"]
[White "Gorea, Rares Andrei"]
[Black "Mogirzan, Matei Valeriu"]
[Result "0-1"]
[WhiteElo "1131"]
[BlackElo "1447"]
[PlyCount "54"]
[EventDate "2016.04.18"]
[EventType "swiss"]
[EventRounds "9"]
[EventCountry "ROU"]
[SourceTitle "CBM 172 Extra"]
[Source "ChessBase"]
[SourceDate "2016.06.21"]
[SourceVersion "1"]
[SourceVersionDate "2016.06.21"]
[SourceQuality "1"]

1. e4 e5 2. Nf3 Nc6 3. Bc4 Bc5 4. c3 Nf6 5. d4 exd4 6. cxd4 Bb4+ 7. Bd2 Bxd2+ 8. Nbxd2 d5 9. e5 dxc4 10. exf6 Qxf6 11. Nxc4 0-0 12. d5 Re8+ 13. Kf1 Ne7 14. d6 Rd8 15. Qd4 Qxd4 16. Nxd4 cxd6 17. Nb5 d5 18. Re1 dxc4 19. Rxe7 Be6 20. Rxb7 Rd1+ 21. Ke2 Rxh1 22. Nc7 Rd8 23. Rxa7 h6 24. h3 Rb1 25. Rb7 c3 26. Nb5 Bc4+ 27. Ke3 c2 0-1